000 00641nam a22002297a 4500
003 UA-OsUOA
001 95883
007 ta
008 20130312b un ||||| |||| 00| 0 ukr d
100 _aКутзее Дж.
090 _a821.111
_bК95
942 _cBK
040 _aUA-OsUOA
_brus
_cUA-OsUOA
_dUA-OsUOA
245 _aЖизнь и время Михаэла К.
_bроманы
300 _a463 с.
955 _a3
041 _arus
080 _a821.111
260 _aМ.
_bХудожественная литература
_c1989
650 7 _a82 Література. Літературознавство
_2UDC
999 _c382127
_d382127